Statistics for Christmas Kids Lyrics- Roar

Click here to take the quiz!

General Stats

  • This quiz has been taken 10 times
  • The average score is 111 of 141

Answer Stats

Answer% Correct
a
100%
and
100%
And
100%
but
100%
But
100%
can
100%
change
100%
I
100%
| x4 | x8know
100%
mind
100%
name
100%
| x4you
100%
your
100%
all
89%
Christmas
89%
dear
89%
x4 | x8I'll
89%
kids
89%
| x4leave
89%
live
89%
love
89%
my
89%
| x4of
89%
place
89%
So
89%
so
89%
x4to
89%
us
89%
where
89%
You'll
89%
as
78%
behind
78%
disappear
78%
Do
78%
don't
78%
| x4ever
78%
fucked
78%
gift
78%
| x4here
78%
is
78%
long
78%
more
78%
much
78%
need
78%
nothing
78%
now
78%
Or
78%
or
78%
stay
78%
than
78%
The
78%
| x2this
78%
up
78%
want
78%
were
78%
what
78%
when
78%
I'm
67%
Ronnette
67%
tower
67%
escape
56%
x4find
56%
going
56%
gone
56%
how
56%
x4If
56%
leaving
56%
me
56%
x4Ronnie
56%
won't
56%
x4get
44%
x4out
44%
x4try
44%
Appearing
33%
x2cell
33%
death
33%
devils
33%
drink
33%
inside
33%
myself
33%
Phil
33%
x2prison
33%
unsightly
33%
with
33%

Score Distribution

Percentile by Number Answered

Percent of People with Each Score

Your Score History

You have not taken this quiz